Acteurs facile - Statistiques

Statistiques générales
  • Ce quiz a été pris 1 001 fois
  • Le résultat moyen est 8 sur 10
Statistiques - réponses
Hint Réponse % Correct
Depp Johnny
98%
Watson Emma
97%
Debouzze Jamel
96%
Clooney George
95%
Chabat Alain
89%
Pattinson Robert
89%
Lawrence Jennifer
84%
Rickman Alan
52%
Bonham-Carter Helena
51%
Harris Richard
13%
Aucun quiz correspondant
Distribution des résultats
% des personnes avec chaque résultat
Percentile par nombre de réponses
Votre historique - résultats
Vous n’avez pas pris ce quiz